| 000 | 00600nam a22002417a 4500 | ||
|---|---|---|---|
| 003 | UA-OsUOA | ||
| 001 | 81229 | ||
| 007 | ta | ||
| 008 | 20120123b un ||||| |||| 00| 0 ukr d | ||
| 100 | _aДзюба І. | ||
| 090 |
_a82-92 _bД43 |
||
| 942 | _cBK | ||
| 040 |
_aUA-OsUOA _bukr _cUA-OsUOA _dUA-OsUOA |
||
| 245 | _aСпрага | ||
| 300 | _a280 с. | ||
| 955 | _a3 | ||
| 041 | _aukr | ||
| 080 | _a82-92 | ||
| 020 | _a966-7586-07-3 | ||
| 260 |
_aК. _bУкраїнський Світ _c2001 |
||
| 650 | 7 |
_a82 Література. Літературознавство _2UDC |
|
| 999 |
_c367541 _d367541 |
||